KOHA-Header-6

A First Course in Dfferential Equations With Applications (Record no. 8813)

000 -LEADER
fixed length control field 00293nam a2200109Ia 4500
100 ## - MAIN ENTRY--AUTHOR NAME
Personal name Zill,Dennis G.
245 #2 - TITLE STATEMENT
Title A First Course in Dfferential Equations With Applications
260 ## - PUBLICATION, DISTRIBUTION, ETC. (IMPRINT)
Place of publication New Delhi
Name of publisher Prentice
Year of publication 2002
300 ## - PHYSICAL DESCRIPTION
Number of Pages 340
942 ## - ADDED ENTRY ELEMENTS (KOHA)
Koha item type Books
Holdings
Withdrawn status Lost status Collection code Permanent Location Current Location Shelving location Date acquired Full call number Accession Number Koha item type
    Mathematics MAJU MAJU Shelf No.A26 2019-09-14 658.575 3835 Mathematics

Powered by Koha